000 00901nam a2200277Ia 4500
001 Para_2233
003 CHAP
008 220125s1997 xx 000 0 und d
010 _a200816
040 _cCHAP
082 _aPA 634.425 S4
100 1 _aSchwentesius Rindermann, Rita
_9103302
245 _aEl maracuyá-fruta de la pasión :
_b situación y tendencias de la producción y el comercio en México y en el Mundo /
_c por Rita Schwentesius Ríndermann y Manuel Angel Gómez Cruz
260 _aChapingo, Méx. :
_b UACh
300 _a245 p.
650 _aFrutas
_x mercadeo
_x México
_9165667
650 _aFruticultura
_x tropicos
_943755
700 1 _aGómez Cruz, Manuel Ángel
_949661
901 _aPA 634.425 S4
902 _aA
905 _a0000001997 a 0000000000 00
910 _a1997
942 _cPARA
942 _cPARA
_d1
999 _c200816
_d200816